Consenso y represión una interpretación socio-política de la educación costarricense

Αποθηκεύτηκε σε:
Λεπτομέρειες βιβλιογραφικής εγγραφής
Κύριος συγγραφέας: Fischel Volio, Astrid
Μορφή: Κείμενο
Έκδοση: San José: Editorial Costa Rica
Ετικέτες: Προσθήκη ετικέτας
Δεν υπάρχουν, Καταχωρήστε ετικέτα πρώτοι!

MARC

LEADER 00000 a a2200000 04500
001 21464
003
040
090 |a 094700  
100 |a Fischel Volio, Astrid  
245 |a Consenso y represión una interpretación socio-política de la educación costarricense  
260 |a San José:   |b Editorial Costa Rica  
300 |a 226 p.  
999 |c 11931  |d 11931